000 00479nam a2200181Ia 4500
008 230711s9999||||xx |||||||||||||| ||und||
020 _a978-93-5161-049-6
041 _aENG
082 _a658.4034
_bSW-O
100 _aSwarup,Kanti
245 0 _aOperations Research
_bIntroduction to Manegement Science
250 _a1st Ed.
260 _c2015
_aNew Delhi
_bSultan Chand & Sons
300 _a1074p.
650 _aUNIVESITY BUSNIESS SCHOOL
700 _aGupta,P.K
942 _cBK
999 _c6744
_d6744